[Event "Bundesliga 2008-9"]
[Site "Remagen GER"]
[Date "2008.10.25"]
[Round "3"]
[White "Jaracz,P"]
[Black "Chuchelov,V"]
[Result "1/2-1/2"]
[WhiteElo "2513"]
[BlackElo "2575"]
[EventDate "2008.10.03"]

1. e4 c5 2. Nf3 e6 3. d4 cxd4 4. Nxd4 a6 5. Bd3 Nf6 6. O-O Qc7 7. Qe2 d6 8.
c4 g6 9. Nc3 Bg7 10. Nf3 O-O 11. Rd1 Nbd7 12. Bf4 Nh5 13. Be3 Re8 14. Rac1
b6 15. Qd2 Bf8 16. Be2 Rb8 17. Bh6 Be7 18. Bg5 Nhf6 19. Bf4 Ne5 20. b4 Nh5
21. Bg5 f6 22. Be3 Ng4 23. Nd4 Nxe3 24. Qxe3 Ng7 25. f4 f5 26. Bf3 Bd7 27.
Qd2 Rbc8 28. a3 Qa7 29. exf5 gxf5 30. Qa2 Bf6 31. b5 Bxd4+ 32. Rxd4 axb5
33. Rxd6 Rxc4 34. Rcd1 Re7 35. Ne2 Qc7 36. h3 Ne8 37. R6d3 Nf6 38. Qb2 Kf7
39. Ng3 Rc2 40. Qa1 Qc5+ 41. Kh2 Bc6 42. Nh5 e5 43. Nxf6 Bxf3 44. Rxf3 Kxf6
45. Rg3 Rc4 46. Rf3 Rc2 47. Rg3 1/2-1/2

[Event "Bundesliga 2008-9"]
[Site "Remagen GER"]
[Date "2008.10.25"]
[Round "3"]
[White "Firman,N"]
[Black "Galyas,M"]
[Result "1-0"]
[WhiteElo "2525"]
[BlackElo "2454"]
[EventDate "2008.10.03"]

1. e4 e6 2. d4 d5 3. Nc3 Bb4 4. e5 c5 5. a3 Bxc3+ 6. bxc3 Ne7 7. Nf3 Nbc6
8. Bd3 Qa5 9. Bd2 c4 10. Be2 f6 11. exf6 gxf6 12. Nh4 O-O 13. f4 Ng6 14.
Nxg6 hxg6 15. h4 Rf7 16. h5 Rh7 17. Rh3 e5 18. Rg3 Bf5 19. fxe5 fxe5 20.
Bg4 Be4 21. Be6+ Kh8 22. hxg6 Rh1+ 23. Ke2 1-0

[Event "Bundesliga 2008-9"]
[Site "Remagen GER"]
[Date "2008.10.25"]
[Round "3"]
[White "Seger,R"]
[Black "Glek,I"]
[Result "1/2-1/2"]
[WhiteElo "2394"]
[BlackElo "2512"]
[EventDate "2008.10.03"]

1. e4 e6 2. d4 d5 3. Nd2 c5 4. exd5 Qxd5 5. Ngf3 cxd4 6. Bc4 Qd6 7. O-O Nf6
8. Nb3 Nc6 9. Nbxd4 Nxd4 10. Qxd4 Bd7 11. Be3 Qxd4 12. Bxd4 Rc8 13. Ne5 Bc5
14. Rfd1 Bxd4 15. Rxd4 Ke7 16. Rad1 Rc7 17. f4 Rhc8 18. c3 g6 19. Be2 Bc6
20. c4 a5 21. b3 Nd7 22. Nxd7 Rxd7 23. Rxd7+ Bxd7 24. Kf2 Bc6 25. g3 h6 26.
h4 Rh8 27. Bf3 g5 28. Bxc6 bxc6 29. c5 gxf4 30. gxf4 Rb8 31. Rd6 a4 32. f5
axb3 33. axb3 Rxb3 34. fxe6 fxe6 35. Kg2 Rc3 36. Rxc6 h5 37. Rc7+ Kf6 38.
c6 Kf5 39. Rg7 Rxc6 40. Kf3 Rc3+ 41. Ke2 e5 42. Rg5+ Kf4 43. Rxh5 Rc2+ 44.
Kf1 e4 45. Rh8 Rh2 46. h5 Ke3 47. h6 Rh1+ 48. Kg2 Rh5 49. Kg3 Rg5+ 50. Kh4
Rg1 51. Kh5 1/2-1/2

[Event "Bundesliga 2008-9"]
[Site "Remagen GER"]
[Date "2008.10.25"]
[Round "3"]
[White "Seel,C"]
[Black "Kolbus,D"]
[Result "1-0"]
[WhiteElo "2494"]
[BlackElo "2414"]
[EventDate "2008.10.03"]

1. Nf3 d5 2. d4 c6 3. c4 Nf6 4. e3 Bf5 5. Nc3 e6 6. Nh4 Be4 7. f3 Bg6 8.
Qb3 Qb6 9. Nxg6 hxg6 10. g3 Nbd7 11. Bd2 Bd6 12. Kf2 Qxb3 13. axb3 a6 14.
cxd5 Nxd5 15. Be2 Rc8 16. Rac1 N5b6 17. Ne4 Be7 18. Kg2 Nd5 19. Rhd1 O-O
20. Nc3 Rfe8 21. e4 Nxc3 22. bxc3 Nf6 23. b4 Bd8 24. c4 Bb6 25. Bc3 Red8
26. Kf2 e5 27. c5 exd4 28. Bxd4 Bc7 29. Bc4 Nd7 30. f4 Nf8 31. Kf3 Rd7 32.
Bc3 Rcd8 33. Rxd7 Rxd7 34. h4 Ne6 35. Ke3 Bd8 36. g4 Kf8 37. g5 Bc7 38. Rf1
Nxf4 39. Rxf4 Bxf4+ 40. Kxf4 Rd1 41. Be2 Rc1 42. Bd2 Rh1 43. Bg4 Rxh4 44.
Kf3 f5 45. exf5 gxf5 46. Bxf5 Rd4 47. Ke2 Rd8 48. g6 Ra8 49. Bc3 Rd8 50.
Ke3 Rd5 51. Kf4 Rd1 52. Ke3 Rd5 53. Bc8 Rg5 54. Bxb7 Rxg6 55. Bxa6 Ke7 56.
Be5 Rg4 57. b5 cxb5 58. c6 Rc4 59. c7 Ke6 60. Bh2 Rc3+ 61. Kd2 1-0

[Event "Bundesliga 2008-9"]
[Site "Remagen GER"]
[Date "2008.10.25"]
[Round "3"]
[White "Cioara,A"]
[Black "Siebrecht,S"]
[Result "1-0"]
[WhiteElo "2452"]
[BlackElo "2451"]
[EventDate "2008.10.03"]

1. d4 Nf6 2. Nf3 g6 3. g3 Bg7 4. Bg2 O-O 5. c4 d6 6. O-O Nbd7 7. Nc3 a6 8.
h3 e5 9. e4 Rb8 10. a4 exd4 11. Nxd4 a5 12. b3 Re8 13. Be3 Nc5 14. Qc2 Nfd7
15. Ndb5 Ne5 16. Rad1 Bd7 17. Bd4 Ne6 18. Ba7 Ra8 19. Be3 Qb8 20. f4 Nc6
21. Nd5 Nb4 22. Nxb4 axb4 23. f5 Nd8 24. f6 Bf8 25. Qd2 Ne6 26. Bh6 Bxb5
27. Bxf8 Rxf8 28. Qh6 Bc6 29. Rf4 Qa7+ 30. Kh2 Qe3 31. Rd3 Qc1 32. Rd5 Kh8
33. Rg5 Qxf4 34. gxf4 Rg8 35. Rg4 Ra5 36. Qh4 g5 37. Qh5 Be8 38. f5 Nf4 39.
Qh6 Nxg2 40. Rxg5 1-0

[Event "Bundesliga 2008-9"]
[Site "Remagen GER"]
[Date "2008.10.26"]
[Round "4"]
[White "Parligras,M"]
[Black "Landa,K"]
[Result "0-1"]
[WhiteElo "2611"]
[BlackElo "2613"]
[EventDate "2008.10.03"]

1. e4 e5 2. Nf3 Nf6 3. d4 Nxe4 4. Bd3 d5 5. dxe5 Nc5 6. Nc3 c6 7. O-O Be7
8. Nd4 Nxd3 9. Qxd3 O-O 10. Bf4 Na6 11. Nf5 Nc5 12. Nxe7+ Qxe7 13. Qd2 Bf5
14. Rad1 Ne6 15. Bg3 d4 16. Ne2 Rfd8 17. Nf4 c5 18. b3 b5 19. c4 bxc4 20.
bxc4 Nxf4 21. Bxf4 Qe6 22. Rc1 Rab8 23. Qa5 Qb6 24. Qa3 Rb7 25. h4 h5 26.
Qf3 Qg6 27. Rfe1 Rdd7 28. Qa3 Qg4 29. Bd2 Rbc7 30. Bg5 d3 31. f3 Qd4+ 32.
Be3 Qxe5 33. Rcd1 Kh7 34. Bf2 Qd6 35. Qc3 f6 36. Qd2 Bg6 37. Rb1 Qa6 38.
Rb5 Qa4 39. Rc1 Re7 40. Be3 Re6 41. Ra5 Qe8 42. Re1 Rce7 43. Kf2 Qb8 44. g3
Rb7 45. Bf4 Rb2 46. Bxb8 Rxd2+ 47. Kf1 Rb6 48. Bxa7 Rbb2 49. Bxc5 Rh2 50.
Be3 Bf7 51. Rd1 Kg6 52. Bg1 Rh3 53. c5 Bd5 54. Rxd3 Bc4 55. Raa3 Rh1 56. c6
Bxd3+ 57. Rxd3 Rb1+ 58. Ke2 Rhxg1 0-1

[Event "Bundesliga 2008-9"]
[Site "Remagen GER"]
[Date "2008.10.26"]
[Round "4"]
[White "Fridman,D2"]
[Black "Bobras,P"]
[Result "1-0"]
[WhiteElo "2630"]
[BlackElo "2565"]
[EventDate "2008.10.03"]

1. d4 Nf6 2. c4 g6 3. Nc3 d5 4. cxd5 Nxd5 5. Bd2 Nb6 6. Bg5 Bg7 7. Nf3 h6
8. Bh4 O-O 9. e3 c5 10. dxc5 g5 11. Bg3 Bxc3+ 12. bxc3 Qxd1+ 13. Rxd1 N6d7
14. h4 g4 15. Ne5 Nxe5 16. Bxe5 Be6 17. Bf4 h5 18. Rb1 Bxa2 19. Rxb7 Nc6
20. e4 e5 21. Be3 Rab8 22. Ba6 Na5 23. Rxb8 Rxb8 24. O-O Kf8 25. Bg5 Rb1
26. Rxb1 Bxb1 27. f3 gxf3 28. gxf3 f5 29. Bb5 Nb7 30. c6 Nd6 31. c7 fxe4
32. Be3 1-0

[Event "Bundesliga 2008-9"]
[Site "Remagen GER"]
[Date "2008.10.26"]
[Round "4"]
[White "Cyborowski,L"]
[Black "Potkin,V"]
[Result "1/2-1/2"]
[WhiteElo "2504"]
[BlackElo "2613"]
[EventDate "2008.10.03"]

1. d4 d5 2. Nf3 Nf6 3. c4 e6 4. Nc3 c6 5. e3 Nbd7 6. b3 Bb4 7. Bd2 O-O 8.
Bd3 Bd6 9. O-O b6 10. Qe2 Bb7 11. Rad1 Qe7 12. e4 dxc4 13. bxc4 e5 14. d5
Nc5 15. Bg5 1/2-1/2

[Event "Bundesliga 2008-9"]
[Site "Remagen GER"]
[Date "2008.10.26"]
[Round "4"]
[White "Golod,V"]
[Black "Jaracz,P"]
[Result "1/2-1/2"]
[WhiteElo "2584"]
[BlackElo "2513"]
[EventDate "2008.10.03"]

1. d4 Nf6 2. c4 e6 3. Nf3 b6 4. a3 Ba6 5. Qb3 g6 6. Nc3 Bg7 7. e4 O-O 8. e5
Ne8 9. Bg5 f6 10. exf6 Nxf6 11. Be2 Nc6 12. Rd1 h6 13. Bc1 Ne7 14. d5 exd5
15. cxd5 Bxe2 16. Nxe2 Kh7 17. O-O Nf5 18. Nf4 Nh5 19. Nxh5 gxh5 20. Qc2
Rc8 21. Rfe1 Qf6 22. Ne5 Qd6 23. Nc4 Qg6 24. Ne5 Qd6 25. f4 Rce8 26. Re4
Re7 27. b4 Bxe5 28. fxe5 Qg6 29. Qf2 Rff7 30. Qe2 Nd6 31. Re3 Nf5 32. Re4
Nd6 33. Rf4 Rxf4 34. Bxf4 Nf7 35. Qb2 Qe4 36. d6 cxd6 37. exd6 Re6 38. Rf1
h4 39. h3 Rg6 40. Qf2 Qd5 41. Re1 Re6 42. Qc2+ Kg7 43. Rd1 Qe4 44. Qf2 Qe2
45. Rc1 Qxf2+ 46. Kxf2 a5 47. bxa5 bxa5 48. Rc7 Re4 49. Bc1 Nxd6 50. Rxd7+
Nf7 51. Bb2+ Kg6 52. Rd4 Rxd4 53. Bxd4 a4 54. Ke3 Kf5 55. Kd3 Ne5+ 56. Kc3
Ng6 57. Kb4 Nf4 58. Kxa4 Nxg2 59. Kb5 Nf4 60. a4 Ke6 61. a5 Kd7 62. a6 Kc8
63. Kc6 Ne6 64. a7 Nc7 65. Bf2 1/2-1/2

[Event "Bundesliga 2008-9"]
[Site "Remagen GER"]
[Date "2008.10.26"]
[Round "4"]
[White "Galyas,M"]
[Black "Grigoriants,S RUS"]
[Result "1/2-1/2"]
[WhiteElo "2454"]
[BlackElo "2565"]
[EventDate "2008.10.03"]

1. d4 Nf6 2. c4 e6 3. Nc3 Bb4 4. Qc2 O-O 5. a3 Bxc3+ 6. Qxc3 d6 7. Nf3 Nbd7
8. g3 b6 9. Bg2 Bb7 10. O-O Rc8 11. b4 c5 12. Bb2 Qe7 13. Rfd1 Rfd8 14.
Rac1 Ba8 1/2-1/2

[Event "Bundesliga 2008-9"]
[Site "Remagen GER"]
[Date "2008.10.26"]
[Round "4"]
[White "Levin,F"]
[Black "Seger,R"]
[Result "1/2-1/2"]
[WhiteElo "2536"]
[BlackElo "2394"]
[EventDate "2008.10.03"]

1. Nf3 Nf6 2. c4 g6 3. Nc3 d5 4. Qa4+ Bd7 5. Qb3 dxc4 6. Qxc4 Bg7 7. g3 O-O
8. d3 Bc6 9. Bg2 Nbd7 10. Qh4 Ne5 11. Nxe5 Bxg2 12. Rg1 Bd5 13. Bh6 Qd6 14.
Bxg7 Kxg7 15. f4 Nd7 16. Nxd7 Qxd7 17. f5 f6 18. g4 g5 19. Qf2 b6 20. h4 h6
21. e4 Bf7 22. O-O-O c5 23. Rh1 Qc7 24. Kb1 Rad8 25. Rh3 Qe5 26. Rdh1 Rh8
27. R1h2 1/2-1/2

[Event "Bundesliga 2008-9"]
[Site "Remagen GER"]
[Date "2008.10.26"]
[Round "4"]
[White "Kolbus,D"]
[Black "Berelowitsch,A"]
[Result "0-1"]
[WhiteElo "2414"]
[BlackElo "2576"]
[EventDate "2008.10.03"]

1. d4 Nf6 2. c4 e6 3. Nf3 c5 4. g3 cxd4 5. Nxd4 Nc6 6. Nxc6 bxc6 7. Bg2 d5
8. O-O Be7 9. Qc2 O-O 10. Rd1 Ba6 11. b3 Rc8 12. Bb2 Qb6 13. e3 dxc4 14.
bxc4 Bxc4 15. Qxc4 Qxb2 16. Nc3 Qb4 17. Qb3 Nd5 18. Nxd5 cxd5 19. Qxb4 Bxb4
20. Rab1 Bc3 21. Bf1 g6 22. Rb3 Rfd8 23. Ba6 Rc6 24. Bb5 Rc5 25. Rc1 Rdc8
26. Kf1 R8c7 27. Rc2 Kg7 28. Ke2 e5 29. Kd1 f5 30. Bf1 Kf6 31. Rb5 e4 32.
h4 Ke5 33. Rxc5 Rxc5 34. a4 d4 35. exd4+ Kxd4 36. Bb5 f4 37. gxf4 Rh5 38.
Rc1 Rxh4 39. Kc2 Ba5 40. Rd1+ Kc5 41. Rd7 Bb6 42. Kd1 Rxf4 43. Rxh7 Rxf2
44. Rg7 Rg2 45. Re7 Rg1+ 46. Ke2 Kd5 47. Ba6 Rg2+ 48. Kd1 Rg4 49. Bc8 Rf4
50. Rg7 e3 51. Rxg6 Rf1+ 52. Ke2 Rf2+ 53. Kd3 Rd2+ 54. Kc3 Bd4+ 55. Kb3
Rd3+ 56. Ka2 e2 57. Re6 Re3 0-1

[Event "Bundesliga 2008-9"]
[Site "Remagen GER"]
[Date "2008.10.26"]
[Round "4"]
[White "Schebler,G"]
[Black "Cioara,A"]
[Result "1/2-1/2"]
[WhiteElo "2467"]
[BlackElo "2452"]
[EventDate "2008.10.03"]

1. Nf3 Nf6 2. g3 d5 3. Bg2 e6 4. c4 Be7 5. O-O O-O 6. d4 dxc4 7. Qc2 a6 8.
Qxc4 b5 9. Qc2 Bb7 10. Bg5 Nbd7 11. Bxf6 Nxf6 12. Nbd2 Rc8 13. Nb3 Be4 14.
Qc3 Nd5 15. Qd2 c5 16. Nxc5 Bxc5 17. dxc5 Rxc5 18. Rac1 Rxc1 19. Rxc1 Qa8
20. Qd4 Nf6 21. h3 h6 22. Kh2 Rd8 23. Qb6 Nd5 24. Qc5 Nf6 25. Qb6 Nd5 26.
Qc5 Nf6 27. a3 Bb7 28. Qe3 Be4 29. Qc5 Bb7 30. Qe3 Be4 31. Qc5 1/2-1/2

[Event "Bundesliga 2008-9"]
[Site "Remagen GER"]
[Date "2008.10.26"]
[Round "4"]
[White "Fedorchuk,S"]
[Black "Motylev,A"]
[Result "1/2-1/2"]
[WhiteElo "2603"]
[BlackElo "2672"]
[EventDate "2008.10.03"]

1. e4 c6 2. d4 d5 3. Nd2 dxe4 4. Nxe4 Bf5 5. Ng3 Bg6 6. N1e2 e6 7. Nf4 Bd6
8. c3 Nf6 9. h4 Bxf4 10. Bxf4 h6 11. h5 Bh7 12. Qb3 Qe7 13. Be2 O-O 14. O-O
a5 15. c4 a4 16. Qf3 Nbd7 17. Rad1 Qb4 18. Bc1 Rfe8 1/2-1/2

[Event "Bundesliga 2008-9"]
[Site "Remagen GER"]
[Date "2008.10.26"]
[Round "4"]
[White "Postny,E"]
[Black "Gharamian,T"]
[Result "1/2-1/2"]
[WhiteElo "2674"]
[BlackElo "2555"]
[EventDate "2008.10.03"]

1. Nf3 Nf6 2. c4 c5 3. Nc3 b6 4. g3 Bb7 5. Bg2 g6 6. O-O Bg7 7. d4 cxd4 8.
Qxd4 d6 9. Rd1 Nbd7 10. b3 O-O 11. Bb2 a6 12. Qe3 Re8 13. Nd4 Bxg2 14. Kxg2
Qc7 15. Rac1 e6 16. Kg1 d5 17. cxd5 exd5 18. Qf3 Qb7 19. Nc2 Ne4 20. Nb4 d4
21. Nxe4 Qxe4 22. Qxe4 Rxe4 23. Kf1 Rae8 24. Rc2 Nf8 25. Nxa6 Ra8 26. f3
Re5 27. Nb4 Rb5 28. Rc4 Ne6 29. a4 Rc5 30. Rdc1 Rxc4 31. Rxc4 Nc5 32. Bxd4
Bxd4 33. Rxd4 Nxb3 34. Rd6 Rxa4 35. Rxb6 Nd4 36. Kf2 h5 37. Nd3 Ra7 38. Rd6
Nf5 39. Rd5 Ne7 40. Rd8+ Kg7 41. Ne5 Ra6 42. Nc4 Nf5 43. Rd7 Kf8 44. h3 Ra4
45. Ne5 Ne7 46. Rb7 Ra2 47. f4 Ra3 48. e3 Ra2+ 49. Kf3 Rh2 50. Nd3 Ra2 51.
g4 hxg4+ 52. hxg4 Ra3 53. Rb8+ Kg7 54. Rd8 f6 55. Rd7 Kf8 56. Nc5 Kf7 57.
Rd6 Ra5 58. Ne4 f5 59. Ng5+ Ke8 60. Rd3 Ng8 61. Rd6 Ne7 62. Nh7 fxg4+ 63.
Kxg4 Nf5 64. Re6+ Kf7 65. Ng5+ Kg7 66. e4 Nh6+ 67. Kh4 Ra4 68. Re7+ Kg8 69.
Rc7 Nf5+ 70. Kg4 Nh6+ 71. Kg3 Ra3+ 72. Kh4 Re3 73. Ne6 Nf7 74. Rc8+ Kh7 75.
Re8 Kh6 76. e5 Re4 77. Rf8 g5+ 78. Kg4 gxf4 79. Rxf7 Rxe5 80. Nf8 Rg5+ 81.
Kh4 Rh5+ 82. Kg4 Rg5+ 83. Kxf4 Rg7 84. Rf6+ Kh5 85. Ne6 Ra7 86. Ng5 Ra1 87.
Rd6 Rf1+ 88. Nf3 Ra1 89. Ke4 Ra4+ 90. Nd4 Ra1 91. Rb6 Re1+ 92. Kf4 Rf1+ 93.
Nf3 Ra1 94. Nd2 Ra2 95. Rd6 Ra1 96. Rc6 Rd1 97. Nf3 Ra1 98. Kf5 Ra8 99. Rf6
Ra5+ 100. Ne5 Ra1 101. Rc6 Rf1+ 102. Ke4 Re1+ 103. Kf4 Rf1+ 104. Nf3 Ra1
105. Kf5 Ra8 106. Rc1 Rf8+ 107. Ke4 Ra8 108. Rg1 Ra4+ 109. Kf5 Ra5+ 110.
Ne5 Kh4 111. Rg8 Rb5 112. Rg4+ Kh3 113. Rg7 Kh4 114. Kf4 Rb4+ 115. Ke3 Rb3+
116. Nd3 Ra3 117. Rg8 Kh5 118. Rg1 Kh4 119. Rg7 Kh5 120. Rg8 Kh4 121. Kf4
Ra4+ 122. Kf3 Ra3 123. Kf4 Ra4+ 124. Kf5 Ra5+ 125. Ne5 Rb5 126. Rg4+ Kh3
127. Rg6 Ra5 128. Ke4 Ra4+ 129. Ke3 Ra3+ 130. Nd3 Kh4 131. Ke4 Ra4+ 132.
Kf3 Ra3 133. Ke3 1/2-1/2

[Event "Bundesliga 2008-9"]
[Site "Remagen GER"]
[Date "2008.10.26"]
[Round "4"]
[White "Dgebuadze,A"]
[Black "Laznicka,V"]
[Result "1/2-1/2"]
[WhiteElo "2544"]
[BlackElo "2591"]
[EventDate "2008.10.03"]

1. e4 c5 2. Nf3 e6 3. d4 cxd4 4. Nxd4 Nc6 5. Nc3 a6 6. Be3 Nf6 7. Bd3 Qc7
8. O-O Nxd4 9. Bxd4 Bc5 10. Bxf6 gxf6 11. Qd2 h5 12. Rae1 b5 13. e5 f5 14.
Kh1 Bb7 15. f3 h4 16. h3 Rd8 17. Qg5 Kf8 18. a4 b4 19. Ne2 Be7 20. Qf4 d6
21. Qxb4 dxe5 22. Qc3 Qd6 23. Nc1 Bf6 24. Nb3 Rc8 25. Qd2 Ke7 26. Qe2 Rhd8
27. Na5 Bd5 28. Nc4 Bxc4 29. Bxc4 a5 30. Rd1 Qb4 31. b3 Rd4 32. Rxd4 exd4
33. f4 Rg8 34. Bd3 Rg3 35. Qe1 Qb7 36. Rf2 Qd5 37. Kh2 Re3 38. Qd2 Qc5 39.
Kh1 Kf8 40. Re2 Bd8 41. Bc4 Bc7 42. Rxe3 dxe3 43. Qc3 Kg8 44. Qf6 Bxf4 45.
Qxh4 Qd4 46. Qe1 Bc7 47. Qe2 Bg3 48. Qf3 f4 49. Bf1 Kg7 50. Qg4+ Kf8 51.
Qh5 e5 52. Qh6+ Ke7 53. Qg5+ Kf8 54. Qh6+ 1/2-1/2

[Event "Bundesliga 2008-9"]
[Site "Remagen GER"]
[Date "2008.10.26"]
[Round "4"]
[White "Chuchelov,V"]
[Black "Degraeve,JM"]
[Result "1-0"]
[WhiteElo "2575"]
[BlackElo "2544"]
[EventDate "2008.10.03"]

1. d4 Nf6 2. Nf3 g6 3. c4 Bg7 4. Nc3 O-O 5. e4 d6 6. Be2 e5 7. O-O Nc6 8.
d5 Ne7 9. Nd2 a5 10. a3 Bd7 11. b3 Ne8 12. Rb1 f5 13. b4 axb4 14. axb4 Nf6
15. c5 Bh6 16. Nc4 Bxc1 17. Qxc1 fxe4 18. cxd6 Nf5 19. dxc7 Qxc7 20. d6
Nxd6 21. Nxe5 Bf5 22. Nxe4 Qxc1 23. Nxf6+ Rxf6 24. Rbxc1 Ra4 25. g4 Be6 26.
Rfd1 Nf7 27. Nxf7 Bxf7 28. Rd4 Ra2 29. Kf1 Rb2 30. Rc7 b5 31. h4 h6 32. g5
hxg5 33. hxg5 Rf5 34. f4 Rd5 35. Re4 Rdd2 36. Ree7 Rdc2 37. Rxc2 Rxc2 38.
Bxb5 Rd2 39. Rd7 1-0

[Event "Bundesliga 2008-9"]
[Site "Remagen GER"]
[Date "2008.10.26"]
[Round "4"]
[White "Mainka,R"]
[Black "Firman,N"]
[Result "1-0"]
[WhiteElo "2482"]
[BlackElo "2525"]
[EventDate "2008.10.03"]

1. e4 c5 2. Nf3 e6 3. Nc3 Nc6 4. g3 d6 5. Bg2 Nf6 6. O-O Be7 7. d3 O-O 8.
Ng5 Ne8 9. Nh3 Rb8 10. Be3 b5 11. Qd2 b4 12. Ne2 e5 13. f4 Nd4 14. c3 Nxe2+
15. Qxe2 bxc3 16. bxc3 Nc7 17. a4 exf4 18. Nxf4 Bf6 19. Qd2 Ba6 20. Rfc1
Be7 21. d4 g5 22. Nh3 f6 23. Nf2 Bc8 24. Nd3 Be6 25. d5 Bc8 26. Nb2 f5 27.
Nc4 Ne8 28. e5 h6 29. exd6 Nxd6 30. Ne5 Bb7 31. Bxc5 Ne4 32. Bxe7 Nxd2 33.
Bxd8 Nb3 34. Be7 Nxc1 35. Rxc1 1-0

[Event "Bundesliga 2008-9"]
[Site "Remagen GER"]
[Date "2008.10.26"]
[Round "4"]
[White "Glek,I"]
[Black "Popovic,Pe"]
[Result "1-0"]
[WhiteElo "2512"]
[BlackElo "2489"]
[EventDate "2008.10.03"]

1. e4 c5 2. d3 Nc6 3. f4 d5 4. Be2 e6 5. Nf3 Bd6 6. O-O Nge7 7. c3 O-O 8.
Na3 c4 9. Nc2 cxd3 10. Bxd3 dxe4 11. Bxe4 Qc7 12. Nfd4 Bd7 13. Nb5 Qb6+ 14.
Be3 Bc5 15. Bxh7+ Kh8 16. Qh5 Bxe3+ 17. Kh1 Ng8 18. Bxg8+ Kxg8 19. Nxe3
Qxe3 20. Rf3 Qe2 21. c4 g6 22. Qh6 Qxb2 23. Rd1 Rad8 24. Nc3 Bc8 25. Rg1 e5
26. Ne4 exf4 27. Rc3 Rd6 1-0

[Event "Bundesliga 2008-9"]
[Site "Remagen GER"]
[Date "2008.10.26"]
[Round "4"]
[White "Swinkels,R"]
[Black "Seel,C"]
[Result "1/2-1/2"]
[WhiteElo "2451"]
[BlackElo "2494"]
[EventDate "2008.10.03"]

1. e4 e5 2. Nf3 Nc6 3. Bb5 Nf6 4. O-O Nxe4 5. d4 a6 6. Bxc6 dxc6 7. Re1 Nf6
8. Bg5 Be7 9. Nc3 e4 10. Nxe4 O-O 11. Qd3 h6 12. Bh4 Nxe4 13. Bxe7 Qxe7 14.
Rxe4 Qd6 15. Re5 Bg4 16. c3 f6 17. Re4 Bf5 18. Qc4+ Qd5 19. Qxd5+ cxd5 20.
Re7 Rf7 21. Re3 g5 22. Rae1 Kf8 23. Nd2 Bd7 24. Nf1 a5 25. f3 c6 26. Kf2
Re8 27. Rxe8+ Bxe8 28. Ng3 Bd7 29. a3 Re7 30. Rxe7 Kxe7 31. b4 a4 32. Nf1
b5 33. Ne3 Kf7 34. Kg3 Kg6 35. Kf2 Bf5 36. Ke2 Bd7 37. Nd1 Kf7 38. Ne3 Kg6
39. Kf2 Bf5 40. Kg3 Bd7 41. Nd1 Bf5 42. Kf2 Bc2 43. Ne3 1/2-1/2

[Event "Bundesliga 2008-9"]
[Site "Remagen GER"]
[Date "2008.10.26"]
[Round "4"]
[White "Siebrecht,S"]
[Black "Boidman,Y"]
[Result "1-0"]
[WhiteElo "2451"]
[BlackElo "2415"]
[EventDate "2008.10.03"]

1. c4 c6 2. Nf3 d5 3. e3 Nf6 4. Qc2 e6 5. b3 Nbd7 6. Bb2 Bd6 7. d4 O-O 8.
Nbd2 Qe7 9. Bd3 e5 10. cxd5 cxd5 11. dxe5 Nxe5 12. Nxe5 Bxe5 13. Nf3 Qb4+
14. Ke2 Bxb2 15. Qxb2 Bg4 16. Rac1 Rfe8 17. h3 Bxf3+ 18. Kxf3 Nd7 19. Rhd1
Rad8 20. Ke2 Qf4 21. Bb5 Qh2 22. Rxd5 Nf6 23. Rxd8 Rxd8 24. Qd4 Rf8 25. Kf3
a6 26. Be2 Qb8 27. g3 h6 28. Kg2 Rd8 29. Qc5 Rd2 30. Qc8+ Qxc8 31. Rxc8+
Kh7 32. Bf3 b5 33. a4 Nd5 34. axb5 axb5 35. Bxd5 Rxd5 36. Rb8 f5 37. Kf3
Kg6 38. g4 fxg4+ 39. hxg4 h5 40. Ke4 Rg5 41. Rb6+ Kf7 42. gxh5 Rxh5 43. f4
g6 44. Kd4 Rf5 45. Rc6 1-0

[Event "Bundesliga 2008-9"]
[Site "Wattenscheid GER"]
[Date "2008.10.25"]
[Round "3"]
[White "Efimenko,Z"]
[Black "Najer,E"]
[Result "0-1"]
[WhiteElo "2680"]
[BlackElo "2682"]
[EventDate "2008.10.03"]

1. e4 c5 2. Nf3 d6 3. d4 cxd4 4. Nxd4 Nf6 5. Nc3 a6 6. Be3 e5 7. Nf3 Be7 8.
Bc4 O-O 9. O-O Be6 10. Bb3 Nc6 11. Qe2 Na5 12. Rfd1 Nxb3 13. axb3 Qc7 14.
Bg5 Nh5 15. Nxe5 Bxg5 16. Qxh5 Bf6 17. Nf3 Bxc3 18. bxc3 Qxc3 19. Nd4 Rac8
20. Qa5 Qxa5 21. Rxa5 Rc3 22. f3 Rd8 23. Rd2 Kf8 24. Ne2 Rcc8 25. c4 Ke7
26. Nd4 Rc5 27. Ra1 g5 28. Kf2 Re5 29. Re2 Bd7 30. g3 Rc8 31. Nc2 f5 32.
exf5 Rxe2+ 33. Kxe2 Bxf5 34. Ne3 Be6 35. Kd3 Kf6 36. Kd4 Rf8 37. Rf1 Kg6
38. f4 Bh3 39. Rf3 Bd7 40. Nd5 Rf7 41. Re3 h6 42. fxg5 hxg5 43. Re7 Rxe7
44. Nxe7+ Kf7 45. Nd5 g4 46. Ne3 Be6 47. Ke4 a5 48. Nc2 b6 49. Nd4 Kf6 50.
Kf4 d5 51. c5 bxc5 52. Nc6 c4 53. bxc4 a4 54. cxd5 Bxd5 55. Nb4 Be6 56. Nc2
Bf5 57. Na3 Ke6 58. Nb5 Bd3 59. Na3 Kd5 60. Kxg4 Kc5 0-1

[Event "Bundesliga 2008-9"]
[Site "Wattenscheid GER"]
[Date "2008.10.25"]
[Round "3"]
[White "Macieja,B"]
[Black "Areshchenko,A"]
[Result "1-0"]
[WhiteElo "2600"]
[BlackElo "2664"]
[EventDate "2008.10.03"]

1. Nf3 Nf6 2. c4 g6 3. Nc3 d5 4. cxd5 Nxd5 5. Qa4+ Bd7 6. Qh4 Nxc3 7. bxc3
c5 8. Rb1 b6 9. d4 cxd4 10. cxd4 Bg7 11. Bh6 O-O 12. e3 f6 13. Bc4+ Kh8 14.
O-O Nc6 15. Rbc1 Na5 16. Bd3 Rc8 17. e4 Be6 18. d5 Bf7 19. Ba6 Rxc1 20.
Rxc1 Qd6 21. Qf4 Bxh6 22. Qxh6 Kg8 23. h4 Qb4 24. Qe3 e6 25. e5 fxe5 26.
Qh6 Qf4 27. Qxf4 exf4 28. d6 Rd8 29. Ne5 Rxd6 30. Rc8+ Kg7 31. Rc7 Rd1+ 32.
Kh2 Kf6 33. Nxf7 Ra1 34. Ng5 Rxa2 35. Rxh7 Ke5 36. Re7 Rxf2 37. Rxe6+ Kf5
38. Bc8 1-0

[Event "Bundesliga 2008-9"]
[Site "Wattenscheid GER"]
[Date "2008.10.25"]
[Round "3"]
[White "Meier,Geo"]
[Black "Bartel,Mat"]
[Result "1/2-1/2"]
[WhiteElo "2558"]
[BlackElo "2602"]
[EventDate "2008.10.03"]

1. e4 e6 2. d4 d5 3. Nd2 Be7 4. Bd3 c5 5. dxc5 Nd7 6. exd5 exd5 7. Nb3 Nxc5
8. Nxc5 Bxc5 9. Nf3 Nf6 10. Qe2+ Qe7 11. Qxe7+ Kxe7 12. O-O Re8 13. Bg5 h6
14. Rfe1+ Be6 15. Be3 Bxe3 16. Rxe3 Kd6 17. Nd4 a6 18. f3 Bd7 19. Kf2 Rxe3
20. Kxe3 Re8+ 21. Kd2 g5 22. Rh1 Rg8 23. Ke3 h5 24. h4 gxh4 25. Kf2 h3 26.
g3 Ke5 27. c3 h4 28. g4 Kf4 29. Ne2+ Kg5 30. Ng1 Bxg4 31. fxg4 Nxg4+ 32.
Ke1 Re8+ 33. Kd2 h2 34. Nh3+ Kh6 35. b4 b5 36. a3 Re5 37. Be2 f5 38. Bf3
Ne3 39. Be2 Ng4 40. Bf3 Ne3 41. Nf4 Kg5 42. Nh3+ 1/2-1/2

[Event "Bundesliga 2008-9"]
[Site "Wattenscheid GER"]
[Date "2008.10.25"]
[Round "3"]
[White "Rustemov,A"]
[Black "Roiz,M"]
[Result "1/2-1/2"]
[WhiteElo "2520"]
[BlackElo "2677"]
[EventDate "2008.10.03"]

1. Nf3 Nf6 2. c4 c5 3. Nc3 d5 4. cxd5 Nxd5 5. g3 g6 6. Bg2 Bg7 7. O-O Nc6
8. Nxd5 Qxd5 9. d3 O-O 10. Be3 Bd7 11. Nd4 Qd6 12. Nxc6 Bxc6 13. Bxc6 Qxc6
14. Rc1 Qe6 15. Qa4 b6 16. b3 Rfd8 17. Qa6 Bd4 18. Bxd4 Rxd4 1/2-1/2

[Event "Bundesliga 2008-9"]
[Site "Wattenscheid GER"]
[Date "2008.10.25"]
[Round "3"]
[White "Hracek,Z"]
[Black "Johannessen,LE"]
[Result "1/2-1/2"]
[WhiteElo "2613"]
[BlackElo "2545"]
[EventDate "2008.10.03"]

1. e4 e5 2. Nf3 Nc6 3. Bb5 a6 4. Ba4 Nf6 5. O-O Be7 6. d3 d6 7. c3 b5 8.
Bc2 O-O 9. Nbd2 Re8 10. Re1 Bf8 11. Nf1 h6 12. Ng3 g6 13. Bd2 Kh7 14. h3
Bg7 15. d4 Bb7 16. d5 Nb8 17. b3 c6 18. c4 Nbd7 19. Bd3 Nc5 20. Bf1 bxc4
21. bxc4 a5 22. Rb1 Qd7 23. Nh2 Ba6 24. Rb6 Rec8 25. Ng4 Nxg4 26. hxg4 cxd5
27. cxd5 Bxf1 28. Nxf1 Rcb8 29. Rxb8 Rxb8 30. Bxa5 Rb2 31. Qf3 Qa7 32. Bd2
Qxa2 33. Be3 Nd3 34. Rd1 Qb3 35. Ra1 Nf4 36. g3 Ne2+ 37. Kg2 f6 38. Ra7 Kh8
39. Ra8+ Kh7 40. Ra7 Kh8 41. g5 Nd4 42. Bxd4 Qxf3+ 43. Kxf3 exd4 44. gxh6
1/2-1/2

[Event "Bundesliga 2008-9"]
[Site "Wattenscheid GER"]
[Date "2008.10.25"]
[Round "3"]
[White "Appel,R"]
[Black "Nyback,T"]
[Result "1-0"]
[WhiteElo "2541"]
[BlackElo "2634"]
[EventDate "2008.10.03"]

1. d4 Nf6 2. Nf3 d5 3. c4 c6 4. cxd5 cxd5 5. Nc3 Nc6 6. Bf4 Bf5 7. e3 e6 8.
Qb3 Bb4 9. Bb5 O-O 10. Bxc6 Bxc3+ 11. Qxc3 Rc8 12. Ne5 Ng4 13. Nxg4 Bxg4
14. Qb4 Rxc6 15. Qxb7 Qa5+ 16. b4 Qa4 17. O-O Rb6 18. Qe7 Re8 19. Qg5 Bf5
20. a3 Rc6 21. h4 h6 22. Qg3 Kh7 23. Be5 f6 24. Bd6 Rc2 25. Bc5 Rc8 26. Qf3
Bd3 27. Rfe1 a6 28. Qd1 Bb5 29. Qg4 Re8 30. e4 Qb3 31. h5 Kg8 32. Qg6 Qc3
33. Rad1 Rd2 34. Rxd2 Qxd2 35. Re3 Rc8 36. Rg3 Rc7 37. exd5 exd5 38. Re3
Rf7 39. Qf5 Qa2 40. Qc8+ Kh7 41. Qe6 Kg8 42. a4 Bd7 43. Qxa6 Qxa4 44. Qe2
Qb5 45. Qf3 Qc4 46. Kh2 Qa2 47. Ra3 Qc4 48. Ra8+ Kh7 49. Qg3 1-0